Disney Movies by Opening Scene - Statistics

General Stats
  • This quiz has been taken 59 times
  • The average score is 20 of 40
Answer Stats
Picture Answer % Correct
The Lion King
89%
Robin Hood
81%
Tangled
81%
101 Dalmatians
73%
Encanto
70%
Moana
70%
Sleeping Beauty
70%
Mulan
68%
Pinocchio
65%
The Princess and the Frog
65%
Wreck-it Ralph
65%
Frozen
59%
Snow White and the Seven Dwarfs
59%
Aladdin
57%
Peter Pan
57%
Tarzan
54%
Cinderella
51%
Hercules
51%
Lady and the Tramp
51%
Lilo and Stitch
51%
The Hunchback of Notre Dame
49%
The Little Mermaid
49%
Alice in Wonderland
46%
Bambi
46%
Jungle Book
46%
Beauty and the Beast
43%
Dumbo
43%
Brother Bear
41%
Winnie the Pooh
41%
Fantasia
38%
Pocahontas
38%
Treasure Planet
38%
The Aristocats
35%
Emperor's New Groove
32%
The Rescuers
32%
Chicken Little
19%
Sword in the Stone
19%
Oliver and Company
16%
Zootopia
14%
Ichabod and Mr. Toad
5%
No matching quizzes found
Score Distribution
Percent of People with Each Score
Percentile by Number Answered
Your Score History
You have not taken this quiz